000 00532cam a2200217ua 4500
001 11578
005 20260515114754.0
008 191010n ii |||gr||||Z||||||eng
020 _a9788183765909
040 _cMAIN
041 _aeng
082 _a305.5122
100 _aRavi Shankar Pandey,
_eAuthor.
245 _aDr BR Ambedkar and caste system
_cBy Ravi Shankar Pandey
250 _a1st ed.
260 _aJaipur:
_bABD publishers,
_c2019.
300 _a256p.
653 _aSocial groups
653 _aCaste
942 _cBK
999 _c10385
_d10385